سميث عموميات الجراحة البولية / (رقم التسجيلة. 112016)
[ عرض عادي ]
| 000 -LEADER | |
|---|---|
| fixed length control field | 00606nam a22001937a 4500 |
| 005 - DATE AND TIME OF LATEST TRANSACTION | |
| control field | 20251108174541.0 |
| 008 - FIXED-LENGTH DATA ELEMENTS--GENERAL INFORMATION | |
| fixed length control field | 250721s2004 xx 000 0 ara d |
| 082 14 - DEWEY DECIMAL CLASSIFICATION NUMBER | |
| Classification number | 616.46/تان |
| 100 1# - MAIN ENTRY--PERSONAL NAME | |
| Personal name | ابو عابد، مجدي عبد الرحيم |
| Relator term | مترجم |
| 245 10 - TITLE STATEMENT | |
| Title | سميث عموميات الجراحة البولية / |
| 264 1# - PRODUCTION, PUBLICATION, DISTRIBUTION, MANUFACTURE, AND COPYRIGHT NOTICE | |
| Place of production, publication, distribution, manufacture | دمشق : |
| Name of producer, publisher, distributor, manufacturer | دار المنجد، |
| Date of production, publication, distribution, manufacture, or copyright notice | 2004. |
| 300 ## - PHYSICAL DESCRIPTION | |
| Extent | 757 |
| 650 17 - SUBJECT ADDED ENTRY--TOPICAL TERM | |
| Topical term or geographic name as entry element | الجراحه |
| 650 17 - SUBJECT ADDED ENTRY--TOPICAL TERM | |
| Topical term or geographic name as entry element | الجهاز البولي |
| 700 1# - ADDED ENTRY--PERSONAL NAME | |
| Personal name | tanagho، emil A. |
| Relator term | مؤلف |
| 700 1# - ADDED ENTRY--PERSONAL NAME | |
| Personal name | Mc.Aninch.md، Jack w |
| Relator term | مؤلف |
| 942 ## - ADDED ENTRY ELEMENTS (KOHA) | |
| Source of classification or shelving scheme | Dewey Decimal Classification |
| Koha item type | كتب |
| حالة السحب | حالة الفقدان | مصدر التصنيف | حالة التلف | غير قابل للإعارة | المكتبة الرئيسية | المكتبة الحالية | موقع الرف | تاريخ التزويد | الرقم المتسلسل | Total Checkouts | رقم الإستدعاء | الباركود | تاريخ آخر ظهور | تاريخ الفاتورة | نوع المادة (كوها) |
|---|---|---|---|---|---|---|---|---|---|---|---|---|---|---|---|
| Dewey Decimal Classification | المكتبة المركزية | المكتبة المركزية | الإعارة | 07/05/2008 | 893273 | 616.46/تان | PLD00005181 | 28/07/2025 | 07/05/2008 | كتب |